| 000 | 00911cam a2200313 i 4500 | ||
|---|---|---|---|
| 001 | 0000463 | ||
| 003 | DO-SdBNP | ||
| 005 | 20230517115505.0 | ||
| 008 | 100514s 2004 sp ||| 000 f spa | ||
| 015 | _a | ||
| 017 |
_a _b |
||
| 020 | _a9707310472 | ||
| 035 | _a | ||
| 040 |
_aBPMSU _bspa _cBPMSU _e |
||
| 080 | _a | ||
| 082 | 4 |
_a862.3 _bC146v 2004 _222 |
|
| 100 | 1 |
_aCalderón de la Barca, Pedro _d1600–1681 |
|
| 245 | 1 | 3 |
_aLa vida es sueño / _cPedro Calderón de la Barca ; estudio y notas Begoña Alonso Monedero. |
| 260 |
_aMéxico : _bSuma de letras, _c2004. _g |
||
| 300 |
_a239 p. ; _c18 cm |
||
| 490 | 0 |
_aPunto de lectura, _v300/3 |
|
| 500 | _aEdición anotada y comentada | ||
| 590 | _6Inventariado, 2022/VM | ||
| 650 | 4 | _aTeatro español | |
| 650 | 4 | _aLiteratura espñola | |
| 700 | 1 |
_aMonedero, Begoña Alonso, _enotas |
|
| 910 | _aYLOCKWARD/VMateo V./Validado | ||
| 942 |
_2ddc _cBK |
||
| 999 |
_c10644 _d10644 |
||